000 01441nam a2200325Ia 4500
001 21819
003 IT-RoPAU
008 130308s9999 xx 000 0 und d
040 _aIT-RoPAU
040 _cIT-RoPAU
041 _aITALIANO
100 _aCalame-Griaule Genevieve
100 _gCodice Aut. SPICS: 8615
240 _aETHNOLOGIE ET LANGAGE. LA PAROLE CHEZ LES DOGON
240 _gCodice Tit. Orig. Spics: T1002
245 _aMondo della parola (Il)-Etnologia e linguaggio dei Dogon
245 _bMondo della Parola (Il)-Etnologia e Linguaggio dei Dogon
250 _a1a ed.
260 _aTORINO
260 _bBoringhieri
260 _c1982 [1° Ed.:1982 - Ed.Ling.Originale:1965]
300 _a"274 p. (prefazione: no ; testo: 274)"
500 _aTeoria della Parola Parola e Persona Parola nel Corpo Umano Fisiologia della Fecondazione per mezzo della Parola Rapporti Simbolici tra Parola e Tecniche Verbo dei Morti mitologia della Parola classificazione della Parola e Sua rappresentazione grafica Parola Vissuta fenomenologia Sociale Parola nella Vita Amorosa Arte della Parola Parola e mezzi di Espressione Non Verbali Rapporti tra Parola ed Espressione plastica o Musicale intervista di Giovanna Antongini con Genevieve Calame Griaule Sul Cammino della Parola
650 _aSAGGI DI ANTROPOLOGIA
650 _eCodice materia Spics: 3507
942 _cBK
957 _71
999 _c66482
_d66482
999 _bSI
999 _g1